书目信息 |
| 题名: |
电磁学习题选解
|
|
| 作者: | 北京师范大学 编 | |
| 分册: | ||
| 出版信息: | 北京 北京师范大学出版社 1985.3 |
|
| 页数: | 221页 | |
| 开本: | 20cm | |
| 丛书名: | ||
| 单 册: | ||
| 中图分类: | O441-44 | |
| 科图分类: | ||
| 主题词: | 电磁学 , 电动力学 | |
| 电子资源: | ||
| ISBN: | ||
| 000 | 00570nam0 2200205 45 | |
| 001 | 0312221749 | |
| 005 | 20040614162732.0 | |
| 010 | @dCNY1.35 | |
| 100 | @a20031222d1985 km y0chiy0120 ea | |
| 101 | @achi | |
| 105 | @a z 000yy | |
| 200 | 1 | @a电磁学习题选解@ADian Ci Xue Xi Ti Xuan Jie@f北京师范大学编@FBei Jing Shi Fan Da Xue Bian |
| 210 | @a北京@c北京师范大学出版社@d1985.3 | |
| 215 | @a221页@d20cm | |
| 606 | 0 | @a电磁学 |
| 606 | 0 | @a电动力学 |
| 690 | @aO441-44@v3 | |
| 701 | 0 | @a北京师范大学@4编 |
| 801 | @aCN@bTSTCL@c20031222 | |
| 905 | @dO441-44@e40@f1@b233723 | |
| 电磁学习题选解/北京师范大学编.-北京:北京师范大学出版社,1985.3 |
| 221页;20cm |
| ISBN :CNY1.35 |
| ● |
| 相关链接 |
|
|
|
|
正题名:电磁学习题选解
索取号:O441-44/40
 
预约/预借
| 序号 | 登录号 | 条形码 | 馆藏地/架位号 | 状态 | 备注 |
| 1 | 0142489 | 001360306 | 第三借阅区/ [索取号:O441-44/40] | 在馆 | |
| 2 | 0142490 | 202103794 | 第二样本阅览室/ [索取号:O441-44/40] | 在馆 | |
| 3 | 0233722 | 001359390 | 第三借阅区/ [索取号:O441-44/40] | 在馆 | |
| 4 | 0233723 | 001360235 | 第三借阅区/ [索取号:O441-44/40] | 在馆 | |
| 5 | 0233724 | 001360280 | 第三借阅区/ [索取号:O441-44/40] | 在馆 | |
| 6 | 0233726 | 001360244 | 第三借阅区/ [索取号:O441-44/40] | 在馆 | |
| 7 | 0233727 | 001359381 | 第三借阅区/ [索取号:O441-44/40] | 在馆 | |
| 8 | 0233728 | 001360324 | 第三借阅区/ [索取号:O441-44/40] | 在馆 | |
| 9 | 0233729 | 001360271 | 第三借阅区/ [索取号:O441-44/40] | 在馆 | |
| 10 | 0233731 | 001359372 | 第三借阅区/ [索取号:O441-44/40] | 在馆 | |
| 11 | 0233733 | 001360315 | 第三借阅区/ [索取号:O441-44/40] | 在馆 | |
| 12 | 0237174 | 001360299 | 第三借阅区/ [索取号:O441-44/40] | 在馆 | |
| 13 | 0237175 | 001359443 | 第三借阅区/ [索取号:O441-44/40] | 在馆 |